| 000 | 01337cam a2200313 a 4500 | ||
|---|---|---|---|
| 090 | _c0 | ||
| 001 | 14486027 | ||
| 005 | 20070306104905.0 | ||
| 008 | 060808s2007 njua 001 0 eng | ||
| 010 | _a 2006025914 | ||
| 020 | _a0131747991 (hardcover : alk. paper) | ||
| 035 | _a(OCoLC)ocm70883120 | ||
| 035 | _a(OCoLC)70883120 | ||
| 040 |
_aDLC _cDLC _dBAKER _dC#P _dYDXCP _dIXA _dDLC |
||
| 050 | 0 | 0 |
_aTK5105.5 _b.M567 2007 |
| 082 | 0 | 0 |
_a004.6 _222 _bMIR |
| 100 | 1 | _aMir, Nader F. | |
| 245 | 1 | 0 |
_aComputer and communication networks / _cNader F. Mir. |
| 260 |
_aUpper Saddle River, NJ : _bPearson Hall, _cc2007. |
||
| 300 |
_axxxii, 617 p. : _bill. ; _c25 cm. |
||
| 500 | _aIncludes index. | ||
| 650 | 0 | _aComputer networks. | |
| 650 | 0 | _aData transmission systems. | |
| 856 | 4 | 1 |
_3Table of contents only _uhttp://www.loc.gov/catdir/toc/ecip0618/2006025914.html |
| 942 |
_2ddc _cBB |
||
| 999 |
_c10363 _d10363 |
||